000 00798nam a2200265 a 4500
001 58346
003 BD-RjUL
005 20211209080618.0
008 161218s2001 enk 001 0 eng d
020 _a1853838330
020 _a1853838349 (pbk.)
035 _a(BD-RjUL)58470
040 _aBDS
_beng
_cBD-RjUL
041 _aeng
082 0 _a323.042
_223
_bGLO 2001
245 0 0 _aGlobal citizen action /
_cedited by Michael Edwards, John Gaventa.
260 _aLondon :
_bEarthscan,
_c2001.
300 _avii, 328 p. ;
_c24 cm.
504 _aIncludes bibliographical references and index.
650 0 _aCivil participation
_9173297
650 0 _aPolitical participation.
_9173298
700 1 _aEdwards, Michael,
_d1957-
_9173299
700 1 _aGaventa, John,
_d1949-
_9173300
942 _2ddc
_cBK
999 _c58346
_d58346